000 00448pab a2200169 454500
008 180718b2011 xxu||||| |||| 00| 0 eng d
100 _aSwain, Rangula Bali
245 _aReassessing the impact of SHG participation with non-experimental approaches
260 _c2011
300 _ap.50-57.
362 _a12 Mar
650 _aSelf help
700 _aVarghese, Adel
773 _aEconomic and Political Weekly
908 _aN
909 _a91178
999 _c91178
_d91178